000
00325nam a2200109Ia 4500
008
171211s9999 xx 000 0 und d
245
2
_a
A New Dimension in Wool Appliqué - Baltimore Album Style
245
_c
Deborah Gale Tirico
260
_c
2017
650
_x
Hobbies
856
_u
http://down.ebook777.com/063/161745463X.pdf
999
_c
350337
_d
350337